Energy /

An introduction to various sources of energy, including wind, water, electricity, magnets, heat, and sunlight.

Bibliographic Details
Main Author: Podendorf, Illa
Format: Book
Language:English
Published: Chicago : Childrens Press, [1982]
Series:A New true book
Subjects:

MARC

Tag First Indicator Second Indicator Subfields
LEADER 00000pam a2200000 a 4500
001 in00000504821
005 20151013065149.0
008 810807s1982 ilua j 00010 eng
010 |a  81012309  
020 |a 0516016253 
035 |a (OCoLC)07733364 
035 |9 ACD8225AM 
039 0 |a 2  |b 3  |c 3  |d 3  |e 3 
040 |a DLC  |c DLC  |d TXA  |d UtOrBLW 
049 |a [Curr Col] TXAM  |c [1483643] 
050 0 0 |a TJ163.23  |b .P6 1982 
082 0 |a 621.042  |2 19 
100 1 |a Podendorf, Illa. 
245 1 0 |a Energy /  |c by Illa Podendorf. 
264 1 |a Chicago :  |b Childrens Press,  |c [1982] 
264 4 |c ©1982 
300 |a 45 pages :  |b illustrations ;  |c 22 cm. 
336 |a text  |b txt  |2 rdacontent 
337 |a unmediated  |b n  |2 rdamedia 
338 |a volume  |b nc  |2 rdacarrier 
490 0 |a A New true book 
500 |a Revised edition of: The true book of energy. 1963. 
520 |a An introduction to various sources of energy, including wind, water, electricity, magnets, heat, and sunlight. 
650 0 |a Power resources  |v Juvenile literature. 
650 0 |a Force and energy  |v Juvenile literature. 
650 1 |a Power resources. 
650 1 |a Force and energy. 
999 |a MARS 
999 f f |s 641585ec-e2ca-363d-881b-6e8df0b4f86c  |i a8655946-418c-39ed-953f-5b94ec0feb87  |t 0 
952 f f |p normal  |a Texas A&M University  |b College Station  |c Sterling C. Evans Library  |d Evans: Curriculum Collection (4th floor)  |t 0  |e TJ163.23 .P6 1982  |h Library of Congress classification  |i unmediated -- volume  |m A14807687583 
998 f f |a TJ163.23 .P6 1982  |t 0  |l Evans: Curriculum Collection (4th floor)